| 000 | 00476cam a2200193ua 4500 | ||
|---|---|---|---|
| 020 | _c48.00 | ||
| 041 |
_aeng _h |
||
| 082 |
_a621.4023 _bSHA/FU |
||
| 100 | _aSharma, S.P . | ||
| 245 |
_aFuels and combustion / _cS.P.Sharma. _hTextual Documents |
||
| 250 |
_a1 / _b. |
||
| 260 |
_a : _bTata Mc-Graw Hill Publishing Company , _c1979. |
||
| 300 | _a500 ; . | ||
| 365 | _a48.00 | ||
| 504 | _a | ||
| 700 | 1 | _aChandra mohan, . | |
| 942 | _cBK | ||
| 999 |
_c2177 _d2177 |
||